000 01275nam a2200325 a 4500
001 000115811
003 CHAP
005 20220329144549.0
008 190709s2019 mx a |sm |||||||spa d
010 _a112272
011 _a113244
040 _cCHAP
090 _aTesis
100 1 _aFernández Yañez, Carlos.
_9136441
245 1 0 _aCapacitación y asesoría técnica para el rescate de flora y fauna del programa de empleo temporal, en el Nuevo Aeropuerto de la Ciudad de México, (NAICM)
_h[En línea]
_cpor Carlos Fernández Yañez.
260 _aChapingo, Méx. :
_bEl autor,
_c2019.
500 _aPara ver el contenido del material haga clic en la liga
502 _aTesis (Ingeniero Forestal) -- UACH. Divición de Ciencias Forestales
590 _aBATCH-UPD
_b05
_c20190709
_lUCH01
_h1445
590 _aE6337LMJ
_b05
_c20190709
_lUCH01
_h1445
590 _aE6337LMJ
_b05
_c20190709
_lUCH01
_h1447
650 1 4 _aProgramas de capacitación
_xEvaluación.
_992377
650 1 4 _aReservas naturales
_xPreservación.
_9136382
650 1 4 _aReservas naturales
_zMéxico (Edo.).
_996109
650 1 4 _aResiduos sólidos
_xControl.
_9132274
856 _aFinding aid
_uhttp://10.13.5.2/tesis/sist115811.pdf
_zTeclea aquí
901 _aBK
942 _cTESIS
942 _n0
999 _c112272
_d112272